Wypisz pokemony z danej genracji: Kanto (generacja 1) - Statystyki

Ogólne statystyki
  • Ten quiz został rozwiązany 238 razy
    236 od ostatniego zresetowania
  • Średni wynik to 75 z 151
Statystyki odpowiedzi
Nr. Pokémon % Poprawnych
#001 Bulbasaur
93%
#006 Charizard
93%
#004 Charmander
93%
#025 Pikachu
89%
#007 Squirtle
85%
#002 Ivysaur
83%
#026 Raichu
82%
#003 Venusaur
80%
#009 Blastoise
79%
#151 Mew
77%
#005 Charmeleon
76%
#014 Kakuna
74%
#010 Caterpie
73%
#150 Mewtwo
73%
#016 Pidgey
72%
#013 Weedle
72%
#011 Metapod
71%
#145 Zapdos
71%
#094 Gengar
69%
#144 Articuno
67%
#015 Beedrill
67%
#074 Geodude
67%
#076 Golem
67%
#146 Moltres
67%
#149 Dragonite
65%
#133 Eevee
65%
#129 Magikarp
65%
#095 Onix
65%
#018 Pidgeot
65%
#019 Rattata
65%
#008 Wartortle
65%
#024 Arbok
64%
#012 Butterfree
64%
#093 Haunter
64%
#147 Dratini
63%
#023 Ekans
63%
#092 Gastly
63%
#021 Spearow
63%
#075 Graveler
62%
#020 Raticate
62%
#063 Abra
61%
#022 Fearow
60%
#135 Jolteon
60%
#064 Kadabra
60%
#065 Alakazam
59%
#148 Dragonair
59%
#136 Flareon
59%
#017 Pidgeotto
59%
#043 Oddish
57%
#134 Vaporeon
57%
#068 Machamp
55%
#126 Magmar
55%
#143 Snorlax
55%
#130 Gyarados
54%
#067 Machoke
54%
#131 Lapras
53%
#044 Gloom
52%
#109 Koffing
52%
#106 Hitmonlee
51%
#034 Nidoking
51%
#029 Nidoran/♀
51%
#032 Nidoran/♂
51%
#037 Vulpix
51%
#031 Nidoqueen
50%
#030 Nidorina
50%
#033 Nidorino
50%
#121 Starmie
50%
#120 Staryu
50%
#110 Weezing
50%
#081 Magnemite
49%
#050 Diglett
48%
#125 Electabuzz
48%
#107 Hitmonchan
48%
#066 Machop
48%
#100 Voltorb
48%
#077 Ponyta
47%
#059 Arcanine
46%
#051 Dugtrio
46%
#124 Jynx
46%
#140 Kabuto
46%
#141 Kabutops
46%
#054 Psyduck
46%
#078 Rapidash
46%
#027 Sandshrew
46%
#028 Sandslash
46%
#041 Zubat
46%
#058 Growlithe
45%
#038 Ninetales
45%
#055 Golduck
44%
#097 Hypno
44%
#069 Bellsprout
43%
#096 Drowzee
43%
#101 Electrode
43%
#082 Magneton
43%
#053 Persian
43%
#128 Tauros
43%
#042 Golbat
42%
#039 Jigglypuff
42%
#122 Mr. Mime
42%
#118 Goldeen
41%
#089 Muk
41%
#086 Seel
41%
#036 Clefable
40%
#035 Clefairy
40%
#116 Horsea
40%
#139 Omastar
40%
#119 Seaking
40%
#142 Aerodactyl
39%
#088 Grimer
39%
#056 Mankey
39%
#112 Rhydon
39%
#123 Scyther
39%
#052 Meowth
38%
#138 Omanyte
38%
#111 Rhyhorn
38%
#060 Poliwag
37%
#132 Ditto
36%
#049 Venomoth
36%
#087 Dewgong
35%
#117 Seadra
35%
#048 Venonat
35%
#045 Vileplume
34%
#040 Wigglytuff
34%
#104 Cubone
33%
#105 Marowak
33%
#062 Poliwrath
33%
#072 Tentacool
33%
#073 Tentacruel
33%
#070 Weepinbell
33%
#098 Krabby
32%
#057 Primeape
32%
#079 Slowpoke
32%
#113 Chansey
31%
#061 Poliwhirl
31%
#115 Kangaskhan
31%
#080 Slowbro
31%
#127 Pinsir
30%
#099 Kingler
29%
#090 Shellder
29%
#114 Tangela
29%
#091 Cloyster
28%
#084 Doduo
27%
#102 Exeggcute
27%
#046 Paras
27%
#047 Parasect
26%
#137 Porygon
26%
#103 Exeggutor
25%
#085 Dodrio
23%
#071 Victreebel
23%
#108 Lickitung
22%
#083 Farfetch'd
21%
Nie znaleziono quizów pasujących do podanych kryteriów
Rozkład punktacji
Procent ludzi z każdym wynikiem
Percentyl według liczby udzielonych odpowiedzi
Twoja historia wyników
Nie rozwiązałeś tego quizu od ostatniego zresetowania